000 00837nam a2200229Ii 4500
003 JO-AjNU
008 230605s9999||||xx |||||||||||||| ||und||
017 _a2012/7/2605
020 _a978-9957-07-991-8
040 _aJO-AjNU
_bara
_erda
_cJO-AjNU
041 _aara
050 1 4 _aHV2449 2013
100 3 _aعلي، ميرفت محمود محمد,
_eauthor
_943013
245 0 0 _aالتوجهات المعاصرة في تعليم الصم وضعاف السمع
250 _aط1
264 3 1 _aعمان: دار الفكر ناشرون وموزعون، 2013
300 _a334ص
_bيحتوي على ببلوغرافية من 322-334ص
336 _atext
_btxt
_2rdacontent
337 _aunmediated
_bn
_2rdamedia
338 _avolume
_bnc
_2rdacarrier
650 4 _aالطلاب ضعاف السمع - التربية الخاصة
_943014
999 _aA18461
_c22029
_d22029